Escritores y poetas de España
Сохранить в:
| Главный автор: | |
|---|---|
| Формат: | |
| Язык: | испанский |
| Опубликовано: |
Buenos Aires
Espasa-Calpe
1948
|
| Редактирование: | 2a. ed |
| Серии: | Colección Austral, 771
|
| Предметы: | |
| Метки: |
Добавить метку
Нет меток, Требуется 1-ая метка записи!
|
MARC
| LEADER | 00000nam a2200000 a 4500 | ||
|---|---|---|---|
| 001 | UCZ5750 | ||
| 003 | CL-VaPUC | ||
| 008 | 951124e19480000AG |||||||||||||||||spa|d | ||
| 082 | 0 | 4 | |a 861 |b VOS |2 21 |
| 100 | 0 | |a Vossler, Karl |e author |9 349931 | |
| 245 | 1 | 0 | |a Escritores y poetas de España |
| 250 | |a 2a. ed | ||
| 300 | |a 162 p | ||
| 942 | |c BK | ||
| 945 | |d 19951124 00:00:00 |a cmena | ||
| 260 | |a Buenos Aires |b Espasa-Calpe |c 1948 | ||
| 650 | 0 | |a Poesía española |9 264938 | |
| 650 | 0 | |a Escritores españoles |9 318145 | |
| 650 | 0 | |a Crítica e interpretación |9 255042 | |
| 650 | 0 | |a Literatura española |9 306261 | |
| 583 | |a last modification |c 19951124 00:00:00 |k Rodrigo Vera | ||
| 490 | 0 | |a Colección Austral, 771 | |
| 999 | |c 242040 |d 242038 | ||
| 952 | |0 0 |1 0 |4 0 |6 861_000000000000000_VOS_1948 |7 0 |8 A |9 254729 |a BIBEDU |b BIBEDU |d 2019-11-19 |i 157678K |o 861 VOS 1948 |p 157678K |r 2019-11-19 |w 2019-11-19 |y BK |k FIL | ||
| 952 | |0 0 |1 0 |4 0 |6 861_000000000000000_VOS_1948 |7 0 |8 A |9 254730 |a BIBEDU |b BIBEDU |d 2019-11-19 |i 3170586 |o 861 VOS 1948 |p 3170586 |r 2019-11-19 |w 2019-11-19 |y BK |k LIT | ||
| 952 | |0 0 |1 0 |4 0 |6 861_000000000000000_VOS_1948 |7 0 |8 A |9 254731 |a BIBEDU |b BIBEDU |d 2019-11-19 |i 3270866 |o 861 VOS 1948 |p 3270866 |r 2019-11-19 |w 2019-11-19 |y BK |k LIT | ||
| 952 | |0 0 |1 0 |4 0 |6 861_000000000000000_VOS_1948 |7 0 |8 A |9 254732 |a BIBEDU |b BIBEDU |d 2019-11-19 |i 3259056 |o 861 VOS 1948 |p 3259056 |r 2019-11-19 |w 2019-11-19 |y BK |k LIT | ||